书目信息 |
| 题名: |
钳工基础
|
|
| 作者: | ;《钳工基础》三结合编写组 编 | |
| 分册: | ||
| 出版信息: | 北京 人民交通出版社 1975 |
|
| 页数: | 271页 | |
| 开本: | 19cm | |
| 丛书名: | ||
| 单 册: | ||
| 中图分类: | TG9 | |
| 科图分类: | ||
| 主题词: | 钳工--工艺 , 装配--工艺 | |
| 电子资源: | ||
| ISBN: | ||
| 000 | 00680nam0 2200229 45 | |
| 001 | 0175002148 | |
| 005 | 20060601151626.12 | |
| 010 | @dCNY0.60 | |
| 100 | @a19951016d1975 em y0chiy0121 ea | |
| 101 | 0 | @achi |
| 102 | @aCN@b110000 | |
| 105 | @ay z 000yy | |
| 200 | 10 | @a钳工基础@Aqian gong ji chu@f《钳工基础》三结合编写组编@F《qian gong ji chu》san jie he bian xie zu bian |
| 210 | @a北京@c人民交通出版社@d1975 | |
| 215 | @a271页@d19cm | |
| 606 | @a钳工@x工艺 | |
| 606 | 0 | @a装配@x工艺 |
| 690 | @aTG9@v3 | |
| 711 | 0 | @a《钳工基础》三结合编写组@A《qian gong ji chu》san jie he bian xie zu@4编 |
| 801 | 2 | @aCN@bNLC@c20060601 |
| 801 | 0 | @aCN@bTSSF |
| 905 | @a10447@dTG9@e18 | |
| 钳工基础/《钳工基础》三结合编写组编.-北京:人民交通出版社,1975 |
| 271页;19cm |
| ISBN :CNY0.60 |
| ● |
| 相关链接 |
|
|
|
|
正题名:钳工基础
索取号:TG9/18
 
预约/预借
| 序号 | 登录号 | 条形码 | 馆藏地/架位号 | 状态 | 备注 |
| 1 | 0420331 | 204203316 | 密集书库/ [索取号:TG9/18] | 在馆 |